| 000 | 00711nam a2200265 a 4500 | ||
|---|---|---|---|
| 999 |
_c816 _d816 |
||
| 008 | 191101s2010 ii a|||g |||| 001 0 eng d | ||
| 020 |
_a9788120341258 _cRs. 375.00 |
||
| 040 |
_aKO _beng |
||
| 041 | 0 | _aeng | |
| 044 | _aii | ||
| 082 | 0 | 4 |
_223 _a620.1 _bSa966 |
| 100 | 1 | _aSawhney, G. S. | |
| 245 | 1 | 0 |
_aEngineering Mechanics / _cG. S. Sawhney |
| 250 | _a2nd ed. | ||
| 260 |
_aNew Delhi : _bPHI Learning Private Limited, _c2010 |
||
| 300 |
_axi, 619 p. : _bill. ; _c23 cm. |
||
| 504 | _aIndex present. | ||
| 650 | 0 |
_aMechanics _vTextbooks |
|
| 650 | 0 |
_aMechanics _xStrains and stresses |
|
| 650 | 0 |
_aMechanics _xTorsion |
|
| 650 | 0 |
_aMechanics _xKinematics |
|
| 904 | _aS_JOY | ||
| 942 | _cBK | ||